[Event "Chess Masters Gent 2023"]
[Site "Ghent, Belgium"]
[Date "2023.07.18"]
[Round "8.1"]
[White "Laurent-Paoli, Pierre"]
[Black "Pijpers, Arthur"]
[Result "1-0"]
[TimeControl "90'/40 + 30' + 30\"/M"]
[WhiteTitle "IM"]
[BlackTitle "IM"]
[WhiteFideId "26017962"]
[BlackFideId "1019554"]
[WhiteElo "2531"]
[BlackElo "2465"]

1. d4 {[%clk 01:30:16]} {[%emt 00:00:43]} Nf6 {[%clk 01:30:54]} {[%emt
00:00:06]} 2. c4 {[%clk 01:30:29]} {[%emt 00:00:17]} g6 {[%clk 01:31:20]}
{[%emt 00:00:04]} 3. h4 {[%clk 01:30:47]} {[%emt 00:00:12]} Bg7 {[%clk
01:26:44]} {[%emt 00:05:07]} 4. Nc3 {[%clk 01:30:50]} {[%emt 00:00:26]} c5
{[%clk 01:26:46]} {[%emt 00:00:28]} 5. d5 {[%clk 01:30:02]} {[%emt 00:01:17]}
d6 {[%clk 01:25:59]} {[%emt 00:01:17]} 6. e4 {[%clk 01:29:59]} {[%emt
00:00:33]} e6 {[%clk 01:26:17]} {[%emt 00:00:12]} 7. Be2 {[%clk 01:29:30]}
{[%emt 00:00:57]} exd5 {[%clk 01:26:27]} {[%emt 00:00:22]} 8. exd5 {[%clk
01:29:52]} {[%emt 00:00:08]} Nbd7 {[%clk 01:26:40]} {[%emt 00:00:16]} 9. Nf3
{[%clk 01:22:50]} {[%emt 00:07:32]} Ng4 {[%clk 01:26:33]} {[%emt 00:00:38]} 10.
h5 {[%clk 01:15:40]} {[%emt 00:07:40]} O-O {[%clk 01:11:31]} {[%emt 00:15:32]}
11. h6 {[%clk 01:14:01]} {[%emt 00:02:09]} Bh8 {[%clk 01:10:40]} {[%emt
00:01:21]} 12. Bg5 {[%clk 01:09:20]} {[%emt 00:05:11]} Qb6 {[%clk 01:07:58]}
{[%emt 00:03:13]} 13. Qb3 {[%clk 01:03:24]} {[%emt 00:06:25]} Re8 {[%clk
00:56:23]} {[%emt 00:12:05]} 14. Kf1 {[%clk 00:55:16]} {[%emt 00:08:37]} Ndf6
{[%clk 00:40:47]} {[%emt 00:16:07]} 15. Qxb6 {[%clk 00:49:24]} {[%emt
00:06:22]} axb6 {[%clk 00:41:15]} {[%emt 00:00:02]} 16. Nd2 {[%clk 00:45:03]}
{[%emt 00:04:50]} Bd7 {[%clk 00:32:41]} {[%emt 00:09:05]} 17. Bf4 {[%clk
00:37:11]} {[%emt 00:08:22]} Nh5 {[%clk 00:24:47]} {[%emt 00:08:25]} 18. Bxd6
{[%clk 00:33:53]} {[%emt 00:03:49]} Bd4 {[%clk 00:23:15]} {[%emt 00:02:02]} 19.
Bxg4 {[%clk 00:27:59]} {[%emt 00:06:24]} Bxg4 {[%clk 00:23:40]} {[%emt
00:00:06]} 20. Nf3 {[%clk 00:28:20]} {[%emt 00:00:08]} Rac8 {[%clk 00:18:09]}
{[%emt 00:06:02]} 21. Kg1 {[%clk 00:23:05]} {[%emt 00:05:44]} f6 {[%clk
00:10:02]} {[%emt 00:08:37]} 22. Rc1 {[%clk 00:19:53]} {[%emt 00:03:42]} Bxf3
{[%clk 00:07:08]} {[%emt 00:03:25]} 23. gxf3 {[%clk 00:20:13]} {[%emt
00:00:10]} Kf7 {[%clk 00:07:34]} {[%emt 00:00:04]} 24. Kg2 {[%clk 00:15:53]}
{[%emt 00:04:49]} Rcd8 {[%clk 00:06:44]} {[%emt 00:01:21]} 25. Bh2 {[%clk
00:14:56]} {[%emt 00:01:27]} Rd7 {[%clk 00:04:22]} {[%emt 00:02:52]} 26. Rhe1
{[%clk 00:14:03]} {[%emt 00:01:23]} Rxe1 {[%clk 00:04:20]} {[%emt 00:00:32]} 27.
Rxe1 {[%clk 00:14:28]} {[%emt 00:00:04]} Bxc3 {[%clk 00:04:47]} {[%emt
00:00:04]} 28. bxc3 {[%clk 00:14:52]} {[%emt 00:00:06]} f5 {[%clk 00:04:27]}
{[%emt 00:00:50]} 29. Bb8 {[%clk 00:12:27]} {[%emt 00:02:55]} b5 {[%clk
00:03:20]} {[%emt 00:01:37]} 30. cxb5 {[%clk 00:12:45]} {[%emt 00:00:11]} Rxd5
{[%clk 00:03:49]} {[%emt 00:00:02]} 31. a4 {[%clk 00:12:12]} {[%emt 00:01:03]}
c4 {[%clk 00:02:36]} {[%emt 00:01:43]} 32. Rb1 {[%clk 00:08:04]} {[%emt
00:04:38]} Nf6 {[%clk 00:02:32]} {[%emt 00:00:34]} 33. Ba7 {[%clk 00:08:06]}
{[%emt 00:00:28]} Rd2 {[%clk 00:01:30]} {[%emt 00:01:31]} 34. Rb4 {[%clk
00:07:20]} {[%emt 00:01:16]} Nd5 {[%clk 00:01:29]} {[%emt 00:00:31]} 35. Rxc4
{[%clk 00:07:26]} {[%emt 00:00:25]} g5 {[%clk 00:01:05]} {[%emt 00:00:54]} 36.
Bd4 {[%clk 00:06:10]} {[%emt 00:01:45]} Ra2 {[%clk 00:01:12]} {[%emt 00:00:24]}
37. Rc5 {[%clk 00:04:15]} {[%emt 00:02:25]} Ke6 {[%clk 00:01:17]} {[%emt
00:00:24]} 38. c4 {[%clk 00:04:09]} {[%emt 00:00:36]} Nf4+ {[%clk 00:01:38]}
{[%emt 00:00:09]} 39. Kh2 {[%clk 00:04:06]} {[%emt 00:00:32]} Nd3 {[%clk
00:00:43]} {[%emt 00:01:25]} 40. Rc7 {[%clk 00:03:44]} {[%emt 00:00:52]} Rxa4
{[%clk 00:01:12]} {[%emt 00:00:02]} 41. Kg3 {[%clk 00:22:18]} {[%emt 00:11:56]}
Rb4 {[%clk 00:19:51]} {[%emt 00:11:51]} 42. b6 {[%clk 00:21:35]} {[%emt
00:01:12]} Rb1 {[%clk 00:07:07]} {[%emt 00:13:14]} 43. Rxh7 {[%clk 00:16:17]}
{[%emt 00:05:48]} Rh1 {[%clk 00:07:33]} {[%emt 00:00:04]} 44. Kg2 {[%clk
00:15:38]} {[%emt 00:01:10]} Rd1 {[%clk 00:08:01]} {[%emt 00:00:02]} 45. Be3
{[%clk 00:07:34]} {[%emt 00:08:34]} f4 {[%clk 00:07:57]} {[%emt 00:00:34]} 46.
Rxb7 {[%clk 00:07:19]} {[%emt 00:00:45]} fxe3 {[%clk 00:05:00]} {[%emt
00:03:27]} 47. fxe3 {[%clk 00:07:48]} {[%emt 00:00:01]} Rd2+ {[%clk 00:05:27]}
{[%emt 00:00:03]} 48. Kg3 {[%clk 00:07:11]} {[%emt 00:01:06]} Ne1 {[%clk
00:05:56]} {[%emt 00:00:01]} 49. Rb8 {[%clk 00:05:53]} {[%emt 00:01:49]} Rg2+
{[%clk 00:00:32]} {[%emt 00:05:53]} 50. Kh3 {[%clk 00:06:21]} {[%emt 00:00:02]}
Rg1 {[%clk 00:00:38]} {[%emt 00:00:25]} 51. Rf8 {[%clk 00:06:16]} {[%emt
00:00:34]} Kd5 {[%emt 00:00:35]} 1-0

[Event "Chess Masters Gent 2023"]
[Site "Ghent, Belgium"]
[Date "2023.07.18"]
[Round "8.2"]
[White "Hausrath, Daniel"]
[Black "Gormally, Daniel W."]
[Result "1/2-1/2"]
[TimeControl "90'/40 + 30' + 30\"/M"]
[WhiteTitle "GM"]
[BlackTitle "GM"]
[WhiteFideId "4617495"]
[BlackFideId "406465"]
[WhiteElo "2442"]
[BlackElo "2432"]

1. Nf3 {[%clk 01:29:49]} {[%emt 00:01:10]} d5 {[%clk 01:30:49]} {[%emt
00:00:11]} 2. g3 {[%clk 01:29:32]} {[%emt 00:00:47]} g6 {[%clk 01:30:59]}
{[%emt 00:00:19]} 3. Bg2 {[%clk 01:29:56]} {[%emt 00:00:07]} Bg7 {[%clk
01:31:24]} {[%emt 00:00:05]} 4. d4 {[%clk 01:29:59]} {[%emt 00:00:27]} Nf6
{[%clk 01:31:17]} {[%emt 00:00:37]} 5. O-O {[%clk 01:30:00]} {[%emt 00:00:29]}
O-O {[%clk 01:25:58]} {[%emt 00:05:49]} 6. c4 {[%clk 01:28:28]} {[%emt
00:02:02]} dxc4 {[%clk 01:23:36]} {[%emt 00:02:52]} 7. Na3 {[%clk 01:28:21]}
{[%emt 00:00:36]} Nc6 {[%clk 01:21:47]} {[%emt 00:02:19]} 8. Nxc4 {[%clk
01:27:49]} {[%emt 00:01:02]} Be6 {[%clk 01:22:10]} {[%emt 00:00:07]} 9. b3
{[%clk 01:24:54]} {[%emt 00:03:25]} Bd5 {[%clk 01:22:28]} {[%emt 00:00:11]} 10.
Bb2 {[%clk 01:23:49]} {[%emt 00:01:36]} a5 {[%clk 01:22:38]} {[%emt 00:00:20]}
11. e3 {[%clk 01:06:27]} {[%emt 00:17:51]} a4 {[%clk 01:20:42]} {[%emt
00:02:26]} 12. Qe2 {[%clk 01:05:38]} {[%emt 00:01:19]} e6 {[%clk 01:13:21]}
{[%emt 00:07:51]} 13. Rfc1 {[%clk 00:56:48]} {[%emt 00:09:20]} Bxf3 {[%clk
01:04:29]} {[%emt 00:09:23]} 14. Bxf3 {[%clk 00:55:35]} {[%emt 00:01:43]} Nd5
{[%clk 01:04:54]} {[%emt 00:00:04]} 15. Ba3 {[%clk 00:48:00]} {[%emt 00:08:05]}
Re8 {[%clk 01:03:48]} {[%emt 00:01:37]} 16. b4 {[%clk 00:40:49]} {[%emt
00:07:41]} Na7 {[%clk 00:48:41]} {[%emt 00:15:36]} 17. Bb2 {[%clk 00:36:36]}
{[%emt 00:04:43]} c6 {[%clk 00:48:52]} {[%emt 00:00:19]} 18. a3 {[%clk
00:37:01]} {[%emt 00:00:06]} Nb5 {[%clk 00:49:13]} {[%emt 00:00:09]} 19. Qc2
{[%clk 00:34:45]} {[%emt 00:02:44]} Qc7 {[%clk 00:46:33]} {[%emt 00:03:11]} 20.
Re1 {[%clk 00:33:00]} {[%emt 00:02:15]} Red8 {[%clk 00:44:25]} {[%emt
00:02:39]} 21. Rad1 {[%clk 00:32:59]} {[%emt 00:00:30]} Ne7 {[%clk 00:40:43]}
{[%emt 00:04:12]} 22. Be2 {[%clk 00:29:37]} {[%emt 00:03:52]} Nd6 {[%clk
00:32:45]} {[%emt 00:08:28]} 23. Ne5 {[%clk 00:27:24]} {[%emt 00:02:43]} b5
{[%clk 00:32:09]} {[%emt 00:01:06]} 24. Rc1 {[%clk 00:26:17]} {[%emt 00:01:37]}
Rac8 {[%clk 00:32:17]} {[%emt 00:00:22]} 25. Qb1 {[%clk 00:23:18]} {[%emt
00:03:28]} Qb6 {[%clk 00:30:12]} {[%emt 00:02:36]} 26. Rc5 {[%clk 00:22:28]}
{[%emt 00:01:20]} Nb7 {[%clk 00:29:58]} {[%emt 00:00:44]} 27. Rc2 {[%clk
00:22:16]} {[%emt 00:00:43]} Bxe5 {[%clk 00:26:00]} {[%emt 00:04:28]} 28. dxe5
{[%clk 00:22:11]} {[%emt 00:00:35]} Nf5 {[%clk 00:26:27]} {[%emt 00:00:03]} 29.
Bf3 {[%clk 00:13:10]} {[%emt 00:09:30]} c5 {[%clk 00:26:26]} {[%emt 00:00:31]}
30. Bxb7 {[%clk 00:11:52]} {[%emt 00:01:48]} Qxb7 {[%clk 00:26:51]} {[%emt
00:00:05]} 31. Rxc5 {[%clk 00:11:28]} {[%emt 00:00:55]} Rxc5 {[%clk 00:24:34]}
{[%emt 00:02:47]} 32. bxc5 {[%clk 00:11:56]} {[%emt 00:00:02]} Qf3 {[%clk
00:23:48]} {[%emt 00:01:16]} 33. Qc2 {[%clk 00:09:39]} {[%emt 00:02:46]} Nh4
{[%clk 00:24:00]} {[%emt 00:00:18]} 34. gxh4 {[%clk 00:10:02]} {[%emt
00:00:06]} Qg4+ {[%clk 00:24:26]} {[%emt 00:00:05]} 35. Kf1 {[%clk 00:10:18]}
{[%emt 00:00:14]} Qh3+ {[%clk 00:24:48]} {[%emt 00:00:08]} 36. Kg1 {[%clk
00:10:37]} {[%emt 00:00:11]} Qg4+ {[%clk 00:25:14]} {[%emt 00:00:04]} 1/2-1/2

[Event "Chess Masters Gent 2023"]
[Site "Ghent, Belgium"]
[Date "2023.07.18"]
[Round "8.3"]
[White "Fernandez, Daniel H."]
[Black "Csonka, Balazs"]
[Result "1/2-1/2"]
[TimeControl "90'/40 + 30' + 30\"/M"]
[WhiteTitle "GM"]
[BlackTitle "IM"]
[WhiteFideId "5801605"]
[BlackFideId "742910"]
[WhiteElo "2518"]
[BlackElo "2497"]

1. Nf3 {[%clk 01:25:39]} {[%emt 00:05:20]} d5 {[%clk 01:30:49]} {[%emt
00:00:12]} 2. e3 {[%clk 01:24:43]} {[%emt 00:01:26]} Nf6 {[%clk 01:30:59]}
{[%emt 00:00:19]} 3. b3 {[%clk 01:23:20]} {[%emt 00:01:53]} Bf5 {[%clk
01:30:04]} {[%emt 00:01:24]} 4. Nh4 {[%clk 01:18:42]} {[%emt 00:05:08]} Bg4
{[%clk 01:24:02]} {[%emt 00:06:33]} 5. f3 {[%clk 01:19:04]} {[%emt 00:00:08]}
Bd7 {[%clk 01:23:44]} {[%emt 00:00:49]} 6. f4 {[%clk 01:19:18]} {[%emt
00:00:16]} g6 {[%clk 01:22:16]} {[%emt 00:01:58]} 7. Bb2 {[%clk 01:19:10]}
{[%emt 00:00:38]} Bg7 {[%clk 01:22:38]} {[%emt 00:00:07]} 8. Be2 {[%clk
01:19:32]} {[%emt 00:00:07]} O-O {[%clk 01:22:59]} {[%emt 00:00:10]} 9. Nf3
{[%clk 01:19:56]} {[%emt 00:00:06]} c5 {[%clk 01:22:58]} {[%emt 00:00:32]} 10.
O-O {[%clk 01:18:33]} {[%emt 00:01:53]} Nc6 {[%clk 01:23:18]} {[%emt 00:00:10]}
11. Ne5 {[%clk 01:18:33]} {[%emt 00:00:30]} Ne4 {[%clk 01:21:09]} {[%emt
00:02:40]} 12. Qc1 {[%clk 01:05:02]} {[%emt 00:14:01]} Nxe5 {[%clk 01:03:57]}
{[%emt 00:17:41]} 13. Bxe5 {[%clk 01:05:12]} {[%emt 00:00:19]} f6 {[%clk
01:03:07]} {[%emt 00:01:21]} 14. Bb2 {[%clk 01:05:22]} {[%emt 00:00:20]} e5
{[%clk 00:59:58]} {[%emt 00:03:39]} 15. Bf3 {[%clk 00:53:51]} {[%emt 00:12:01]}
Bc6 {[%clk 00:59:10]} {[%emt 00:01:18]} 16. fxe5 {[%clk 00:50:33]} {[%emt
00:03:48]} Ng5 {[%clk 00:50:50]} {[%emt 00:08:50]} 17. exf6 {[%clk 00:47:32]}
{[%emt 00:03:31]} Nxf3+ {[%clk 00:50:54]} {[%emt 00:00:26]} 18. Rxf3 {[%clk
00:46:57]} {[%emt 00:01:05]} d4 {[%clk 00:43:14]} {[%emt 00:08:10]} 19. f7+
{[%clk 00:41:10]} {[%emt 00:06:17]} Rxf7 {[%clk 00:41:35]} {[%emt 00:02:10]} 20.
Rxf7 {[%clk 00:41:36]} {[%emt 00:00:03]} Kxf7 {[%clk 00:41:55]} {[%emt
00:00:09]} 21. Qe1 {[%clk 00:35:37]} {[%emt 00:06:29]} dxe3 {[%clk 00:23:31]}
{[%emt 00:18:55]} 22. Qf1+ {[%clk 00:35:31]} {[%emt 00:00:35]} Kg8 {[%clk
00:23:44]} {[%emt 00:00:17]} 23. Bxg7 {[%clk 00:35:54]} {[%emt 00:00:08]} Kxg7
{[%clk 00:10:41]} {[%emt 00:13:33]} 24. dxe3 {[%clk 00:36:21]} {[%emt
00:00:03]} Qg5 {[%clk 00:06:14]} {[%emt 00:04:58]} 25. Nd2 {[%clk 00:36:23]}
{[%emt 00:00:28]} Rd8 {[%clk 00:04:02]} {[%emt 00:02:42]} 26. Nf3 {[%clk
00:36:32]} {[%emt 00:00:20]} Qxe3+ {[%clk 00:04:21]} {[%emt 00:00:12]} 27. Qf2
{[%clk 00:36:54]} {[%emt 00:00:08]} Qxf2+ {[%clk 00:04:35]} {[%emt 00:00:16]}
28. Kxf2 {[%clk 00:37:21]} {[%emt 00:00:02]} Bxf3 {[%clk 00:04:52]} {[%emt
00:00:14]} 29. Kxf3 {[%clk 00:37:48]} {[%emt 00:00:03]} Rd2 {[%clk 00:05:13]}
{[%emt 00:00:09]} 30. Re1 {[%clk 00:36:04]} {[%emt 00:02:14]} Kf6 {[%clk
00:03:26]} {[%emt 00:02:17]} 31. Re2 {[%clk 00:36:22]} {[%emt 00:00:12]} Rxe2
{[%clk 00:03:45]} {[%emt 00:00:11]} 32. Kxe2 {[%clk 00:36:50]} {[%emt
00:00:02]} Ke5 {[%clk 00:04:08]} {[%emt 00:00:07]} 33. Kd3 {[%clk 00:34:29]}
{[%emt 00:02:51]} b5 {[%clk 00:02:56]} {[%emt 00:01:41]} 34. a3 {[%clk
00:34:22]} {[%emt 00:00:37]} Kd5 {[%clk 00:01:30]} {[%emt 00:01:56]} 35. b4
{[%clk 00:28:38]} {[%emt 00:06:14]} cxb4 {[%clk 00:00:44]} {[%emt 00:01:16]} 36.
axb4 {[%clk 00:29:05]} {[%emt 00:00:02]} h6 {[%clk 00:01:00]} {[%emt 00:00:14]}
37. c3 {[%clk 00:26:02]} {[%emt 00:03:34]} a6 {[%clk 00:01:14]} {[%emt
00:00:15]} 38. g4 {[%clk 00:17:09]} {[%emt 00:09:22]} h5 {[%clk 00:00:55]}
{[%emt 00:00:49]} 39. gxh5 {[%clk 00:15:28]} {[%emt 00:02:12]} gxh5 {[%clk
00:01:18]} {[%emt 00:00:07]} 40. h4 {[%clk 00:15:53]} {[%emt 00:00:05]} Ke5
{[%clk 00:01:40]} {[%emt 00:00:08]} 41. Ke3 {[%clk 00:16:19]} 1/2-1/2

[Event "Chess Masters Gent 2023"]
[Site "Ghent, Belgium"]
[Date "2023.07.18"]
[Round "8.4"]
[White "Grooten, Herman"]
[Black "Maerevoet, Sim"]
[Result "0-1"]
[TimeControl "90'/40 + 30' + 30\"/M"]
[WhiteTitle "IM"]
[BlackTitle "FM"]
[WhiteFideId "1000330"]
[BlackFideId "241725"]
[WhiteElo "2241"]
[BlackElo "2414"]

1. d4 {[%clk 01:30:58]} {[%emt 00:00:02]} d5 {[%clk 01:30:54]} {[%emt
00:00:06]} 2. c4 {[%clk 01:31:22]} {[%emt 00:00:05]} e6 {[%clk 01:31:20]}
{[%emt 00:00:04]} 3. Nf3 {[%clk 01:31:30]} {[%emt 00:00:22]} Nf6 {[%clk
01:31:36]} {[%emt 00:00:15]} 4. Nc3 {[%clk 01:31:46]} {[%emt 00:00:14]} dxc4
{[%clk 01:31:58]} {[%emt 00:00:07]} 5. e3 {[%clk 01:31:57]} {[%emt 00:00:18]}
a6 {[%clk 01:32:24]} {[%emt 00:00:05]} 6. a4 {[%clk 01:32:03]} {[%emt
00:00:24]} b6 {[%clk 01:32:36]} {[%emt 00:00:18]} 7. Bxc4 {[%clk 01:32:12]}
{[%emt 00:00:21]} Bb7 {[%clk 01:33:00]} {[%emt 00:00:06]} 8. O-O {[%clk
01:31:01]} {[%emt 00:01:40]} c5 {[%clk 01:33:26]} {[%emt 00:00:05]} 9. Qe2
{[%clk 01:28:38]} {[%emt 00:02:52]} Nbd7 {[%clk 01:33:33]} {[%emt 00:00:24]} 10.
Rd1 {[%clk 01:25:02]} {[%emt 00:04:06]} Qc7 {[%clk 01:24:30]} {[%emt 00:09:33]}
11. e4 {[%clk 01:16:55]} {[%emt 00:08:37]} cxd4 {[%clk 01:24:46]} {[%emt
00:00:14]} 12. Nxd4 {[%clk 01:15:34]} {[%emt 00:01:51]} Bc5 {[%clk 01:02:12]}
{[%emt 00:23:04]} 13. Bxe6 {[%clk 00:43:29]} {[%emt 00:32:35]} fxe6 {[%clk
00:58:27]} {[%emt 00:04:14]} 14. Nxe6 {[%clk 00:43:52]} {[%emt 00:00:07]} Qe5
{[%clk 00:56:57]} {[%emt 00:02:00]} 15. Nxg7+ {[%clk 00:40:58]} {[%emt
00:03:25]} Kf7 {[%clk 00:57:19]} {[%emt 00:00:08]} 16. Nf5 {[%clk 00:41:11]}
{[%emt 00:00:16]} h5 {[%clk 00:36:52]} {[%emt 00:20:57]} 17. b4 {[%clk
00:31:36]} {[%emt 00:10:05]} Bf8 {[%clk 00:33:51]} {[%emt 00:03:31]} 18. Bb2
{[%clk 00:31:28]} {[%emt 00:00:38]} Re8 {[%clk 00:31:56]} {[%emt 00:02:24]} 19.
Qf3 {[%clk 00:23:25]} {[%emt 00:08:33]} Qe6 {[%clk 00:27:37]} {[%emt 00:04:50]}
20. Qg3 {[%clk 00:14:53]} {[%emt 00:09:01]} Rg8 {[%clk 00:21:40]} {[%emt
00:06:27]} 21. Qh3 {[%clk 00:13:56]} {[%emt 00:01:27]} Ne5 {[%clk 00:17:09]}
{[%emt 00:05:02]} 22. Rac1 {[%clk 00:12:57]} {[%emt 00:01:29]} Qb3 {[%clk
00:16:00]} {[%emt 00:01:39]} 23. f4 {[%clk 00:07:52]} {[%emt 00:05:36]} Qxb2
{[%clk 00:11:21]} {[%emt 00:05:08]} 24. fxe5 {[%clk 00:07:59]} {[%emt
00:00:23]} Rxe5 {[%clk 00:11:31]} {[%emt 00:00:20]} 25. Ne3 {[%clk 00:06:02]}
{[%emt 00:02:27]} Qxb4 {[%clk 00:10:17]} {[%emt 00:01:44]} 26. Ncd5 {[%clk
00:05:38]} {[%emt 00:00:54]} Bxd5 {[%clk 00:10:03]} {[%emt 00:00:44]} 27. Rc7+
{[%clk 00:04:13]} {[%emt 00:01:54]} Kg6 {[%clk 00:06:51]} {[%emt 00:03:42]} 28.
Nxd5 {[%clk 00:00:58]} {[%emt 00:03:46]} Bc5+ {[%clk 00:06:15]} {[%emt
00:01:06]} 29. Kf1 {[%clk 00:00:46]} {[%emt 00:00:42]} Qc4+ {[%clk 00:04:51]}
{[%emt 00:01:54]} 30. Rd3 {[%clk 00:01:11]} {[%emt 00:00:05]} Qc1+ {[%clk
00:04:55]} {[%emt 00:00:25]} 31. Ke2 {[%clk 00:01:39]} {[%emt 00:00:03]} Rxe4+
{[%clk 00:05:11]} {[%emt 00:00:15]} 0-1

[Event "Chess Masters Gent 2023"]
[Site "Ghent, Belgium"]
[Date "2023.07.18"]
[Round "8.5"]
[White "Dgebuadze, Alexandre"]
[Black "Ruzhansky, Elias"]
[Result "1-0"]
[TimeControl "90'/40 + 30' + 30\"/M"]
[WhiteTitle "GM"]
[BlackFideId "472824"]
[WhiteElo "2443"]
[BlackElo "2209"]

1. e4 {[%clk 01:30:17]} {[%emt 00:00:42]} e5 {[%clk 01:30:54]} {[%emt
00:00:07]} 2. Nf3 {[%clk 01:28:22]} {[%emt 00:02:24]} Nf6 {[%clk 01:31:14]}
{[%emt 00:00:10]} 3. Nc3 {[%clk 01:26:24]} {[%emt 00:02:28]} Nc6 {[%clk
01:29:38]} {[%emt 00:02:06]} 4. a3 {[%clk 01:26:30]} {[%emt 00:00:24]} Bd6
{[%clk 01:24:32]} {[%emt 00:05:35]} 5. Bc4 {[%clk 01:22:38]} {[%emt 00:04:23]}
O-O {[%clk 01:24:48]} {[%emt 00:00:14]} 6. d3 {[%clk 01:22:58]} {[%emt
00:00:10]} h6 {[%clk 01:24:48]} {[%emt 00:00:30]} 7. h3 {[%clk 01:19:55]}
{[%emt 00:03:33]} Re8 {[%clk 01:24:43]} {[%emt 00:00:35]} 8. g4 {[%clk
01:19:13]} {[%emt 00:01:12]} Nd4 {[%clk 01:14:09]} {[%emt 00:11:03]} 9. g5
{[%clk 01:18:43]} {[%emt 00:01:00]} Nxf3+ {[%clk 01:14:28]} {[%emt 00:00:11]}
10. Qxf3 {[%clk 01:18:57]} {[%emt 00:00:15]} hxg5 {[%clk 01:14:51]} {[%emt
00:00:08]} 11. Bxg5 {[%clk 01:18:19]} {[%emt 00:01:08]} Be7 {[%clk 01:14:48]}
{[%emt 00:00:32]} 12. Rg1 {[%clk 01:16:13]} {[%emt 00:02:36]} Kf8 {[%clk
01:07:23]} {[%emt 00:07:55]} 13. Qg3 {[%clk 01:08:32]} {[%emt 00:08:11]} d6
{[%clk 00:47:10]} {[%emt 00:20:45]} 14. Bh6 {[%clk 00:52:30]} {[%emt 00:16:30]}
Ng4 {[%clk 00:47:05]} {[%emt 00:00:36]} 15. Be3 {[%clk 00:51:47]} {[%emt
00:01:12]} Bh4 {[%clk 00:47:20]} {[%emt 00:00:16]} 16. Qg2 {[%clk 00:50:31]}
{[%emt 00:01:45]} d5 {[%clk 00:47:23]} {[%emt 00:00:28]} 17. Nxd5 {[%clk
00:50:16]} {[%emt 00:00:45]} c6 {[%clk 00:47:32]} {[%emt 00:00:21]} 18. hxg4
{[%clk 00:47:35]} {[%emt 00:03:11]} cxd5 {[%clk 00:47:52]} {[%emt 00:00:10]} 19.
Bxd5 {[%clk 00:47:50]} {[%emt 00:00:15]} Bg5 {[%clk 00:47:48]} {[%emt
00:00:34]} 20. Qh2 {[%clk 00:45:30]} {[%emt 00:02:49]} Bxe3 {[%clk 00:47:53]}
{[%emt 00:00:27]} 21. fxe3 {[%clk 00:45:54]} {[%emt 00:00:05]} Qg5 {[%clk
00:48:04]} {[%emt 00:00:19]} 22. Kd2 {[%clk 00:44:50]} {[%emt 00:01:33]} 1-0